The Bush Administration, Sex and the Moral Agenda : (Record no. 611888)

MARC details
000 -LEADER
fixed length control field 00516nam a2200193 a 4500
008 - FIXED-LENGTH DATA ELEMENTS--GENERAL INFORMATION
fixed length control field 260211s2007##################000#0#eng##
020 ## - INTERNATIONAL STANDARD BOOK NUMBER
ISBN 9780719072772
082 04 - DEWEY DECIMAL CLASSIFICATION NUMBER
Classification number 306.7
Item number ASH
100 1# - MAIN ENTRY--AUTHOR NAME
Personal name Ashbee, Edward,
245 10 - TITLE STATEMENT
Title The Bush Administration, Sex and the Moral Agenda :
260 ## - PUBLICATION, DISTRIBUTION, ETC. (IMPRINT)
Year of publication 2007.
300 ## - PHYSICAL DESCRIPTION
Number of Pages 272 pages
650 #0 - SUBJECT ADDED ENTRY--TOPICAL TERM
Topical Term Biography & Autobiography.
942 ## - ADDED ENTRY ELEMENTS (KOHA)
Koha item type English Books
Holdings
Withdrawn status Lost status Damaged status Not for loan Home library Current library Shelving location Date acquired Full call number Accession Number Price effective from Koha item type
        Anna Centenary Library Anna Centenary Library 3RD FLOOR, B WING 11.02.2026 306.7 ASH 287414 11.02.2026 English Books

Find us on the map